| 000 | 00676nam a2200241Ia 4500 | ||
|---|---|---|---|
| 008 | 160803s9999 xx 000 0 und d | ||
| 020 | _a9780439273084 | ||
| 100 | _aPosada, Mila | ||
| 245 | _aDandelions : | ||
| 245 | _cby Mia Posada. | ||
| 260 | _aNew York : | ||
| 260 | _bScholastic Inc. | ||
| 260 | _c2000 | ||
| 300 | _a1 volume (unpaged) : | ||
| 300 | _bcolor illustrations ; | ||
| 300 | _c23 cm | ||
| 500 | _a"This edition is only available for distribution through the school market."--Page 4 of cover. | ||
| 650 | _aCommon dandelion -- | ||
| 650 | _aCommon dandelion. | ||
| 650 | _aDandelions. | ||
| 650 | _xJuvenile literature. | ||
| 700 | _a460 | ||
| 999 |
_c298196 _d298196 |
||